000 00563nam a22002057a 4500
005 20251108174809.0
008 250721s2002 xx 000 0 eng d
020 _a970190727
082 1 4 _aJ/F/DER
100 1 _aderiso, christine hurley
245 1 0 _aDreams To Grow On /
264 1 _aNEWYORK :
_bpublishing company , inc,
_c2002.
300 _a[15 P]
650 1 7 _aFICTION
650 1 7 _aCHILDREN
653 _aأطفال مرحلة متوسطة ( 6 - 9 سنوات )
700 1 _aarchambault, matthew
_eIllus.
942 _2ddc
_cBK
999 _c118282
_d118282